000 01142nam a2200265 i 4500
001 165970
003 ES-MaACL
005 20250820150541.0
008 960408s1794 sp |||| | spa d
040 _aCAM
_bspa
_cCAM
100 1 _aTácito, Cayo Cornelio
_9109052
245 1 4 _aLas historias de Cayo Cornelio Tácito /
_ctraducidas al castellano por... Carlos Coloma...; tomo III.
250 _aSegunda edición
_bacompañada del texto latino, corregida é ilustrada con... anotaciones, indices... por Cayetano Sixto... y Joaquín Ezquerra...
260 _aMadrid :
_ben la Imprenta Real,
_c1794.
300 _a[4], 512 p. ;
_c4º.
594 _aTit. en antep.: Las obras de Cayo Cornelio Tácito.
595 _aMención de ed., precede a la mención de parte.
597 _aSign.: []2, A-3S4.
651 4 _aRoma-
_xHistoria-
_y30 a.C.-284 d.C., Alto Imperio.
_99318
700 1 _aColoma, Carlos,
_dca. 1567-1637
_9126547
700 1 _aSixto, Cayetano.
_9132779
700 1 _aEzquerra, Joaquín.
_9126991
852 _aES-MaACL
_jR-160-63
_z-- Enc. pasta española
_x-- Olim: C-2530-33
999 _c165970
_d165970